000 00639nam a2200217Ii 4500
003 JO-AjNU
008 230605s9999||||xx |||||||||||||| ||und||
017 _a2009/12/5282
040 _aJO-AjNU
_bara
_erda
_cJO-AjNU
041 _aara
050 1 4 _aBP144.Q82 2010
100 3 _aالقضاة، أحمد مصطفى,
_eauthor
_941010
245 0 0 _aبحوث فقهية محكمة
250 _aط1
264 3 1 _aعمان: المؤلف، 2010
300 _a416ص
336 _atext
_btxt
_2rdacontent
337 _aunmediated
_bn
_2rdamedia
338 _avolume
_bnc
_2rdacarrier
650 4 _aالفقه الاسلامي- بحوث
_941011
999 _aA17449
_c21017
_d21017